| 000 | 00420nam a2200157 a 4500 | ||
|---|---|---|---|
| 005 | 20140310183506.0 | ||
| 008 | 100918s19uu xx 00 eng d | ||
| 050 |
_aPZ 7 _b.J55 1999 |
||
| 100 | _aJernigan, Brenda K. | ||
| 245 |
_aThe duke's lady / _cBrenda K. Jernigan. |
||
| 260 |
_aNew York : _bKensington Pub. Co, _c1999. |
||
| 300 |
_a348 p. : _c18 cm. |
||
| 650 | _aFiction | ||
| 942 |
_cBK _2lcc |
||
| 999 |
_c24057 _d24057 |
||